LEADER 01207cam2 22003011 450 001 SOBE00081132 005 20241014091632.0 100 $a20241014d1976 |||||ita|0103 ba 101 $aita 102 $aIT 200 1 $a<<1: La >>filosofia pagana$edal 6. secolo a. C. al 3. d. C.$fdi Pierre Aubenque, Jean Bernhardt, François Châtelet$g[traduzione di Libero Sosio] 210 $aMilano$cBiblioteca Universale Rizzoli$d1976 215 $a179 p.$d21 cm 461 1$1001E600200008930$12001 $aStoria della filosofia / a cura di Francois Chatelet 500 10$aLa philosophie païenne$3SOBA00031859$94297230 700 1$aAubenque$b, Pierre$3AF00012259$4070$0158968 701 1$aBernhardt, Jean$3AF00024148$4070$0159152 701 1$aChâtelet, François$3A600200056543$4070$0376233 702 1$aSosio, Libero$3A600200028069$4070 801 0$aIT$bUNISOB$c20241014$gRICA 850 $aUNISOB 852 $aUNISOB$j100|Sto$m122279 912 $aSOBE00081132 940 $aM 102 Monografia moderna SBN 941 $aM 957 $a100|Sto$b000013$i-1$gSI$d122279$hNegro$1rovito$2UNISOB$3UNISOB$420241014085210.0$520241014091339.0$6rovito 996 $aLa philosophie païenne$94297230 997 $aUNISOB